000 00556nam a22001697a 4500
005 20251108170940.0
008 250721s9999 xx 000 0 ara d
082 1 4 _a641.5/بتو
100 1 _aشرف الدين، بتول
245 1 0 _aفن الطبخ :
_bأشهى الأطايب و ألذ المأكولات اللبنانية و العربية /
264 1 _aبيروت :
_bالمكتبة الحديثة للطباعة و النشر،
300 _a263ص
650 1 7 _aالطبخ
650 1 7 _aالطعام
942 _2ddc
_cBK
999 _c52812
_d52812